000 00337nam a2200133Ia 4500
008 240624s9999 xx 000 0 und d
041 _aeng
082 _a658.408 CON
100 _aCONGER JAY A
245 _aCORPORATE BOARDS NEW STRATEGIES FOR ADDI
260 _c2001
_aSan Francisco
_bJossey-Bass
300 _a240 : p.
365 _c
_b30
999 _c17489
_d17489